000 00577nam a2200241Ia 4500
003 OSt
005 20221007082218.0
006 a|||||r|||| 00| 0
007 ta
008 221006b |||||||| |||| 00| 0 eng d
024 _a21,644
037 _cTextual
040 _aFLL
_cFLL
_beng
041 _2eng
_aeng
082 _aZ2:801, J3.2
100 _aMulla D. F.
_9346075
245 0 _aCode of civil procedure
250 _a12th
260 _c1953
300 _a1790p
_ccm.
942 _hZ2:801, J3.2
_cTEXL
_2CC
999 _c1165696
_d1165696